Donde mueren los payasos / (Registro nro. 11856)

000 -CABECERA
campo de control de longitud fija 02598nam a2200265 a 4500
001 - NÚMERO DE CONTROL
campo de control 000087274
005 - FECHA Y HORA DE LA ÚLTIMA TRANSACCIÓN
campo de control 20200120224940.0
008 - DATOS DE LONGITUD FIJA--INFORMACIÓN GENERAL
campo de control de longitud fija 180703s2017 ck e|| ||| ||spa d
020 ## - NÚMERO INTERNACIONAL ESTÁNDAR DEL LIBRO
Número Internacional Estándar del Libro 9789588969589
041 ## - CÓDIGO DE LENGUA
Código de lengua del texto/banda sonora o título independiente spa
043 ## - CÓDIGO DE ÁREA GEOGRÁFICA
Código de área geográfica s-ck---
090 ## - LOCALMENTE ASIGNADO TIPO-LC NÚMERO DE CLASIFICACIÓN (OCLC); NÚMERO DE CLASIFICACIÓN LOCAL (RLIN)
Número de clasificación (OCLC) (R) ; Numero de clasificación, CALL (RLIN) (NR) AN
Número cutter local (OCLC) ; Número de libro/Signatura topográfica íntegra, CALL (RLIN) NORLUd
100 1# - ENTRADA PRINCIPAL--NOMBRE DE PERSONA
Nombre de persona Noriega, Luis
Fechas asociadas al nombre 1972-
245 10 - MENCIÓN DE TÍTULO
Título Donde mueren los payasos /
Mención de responsabilidad, etc. Luis Noriega; ilustraciones de Matador; prólogo de Pirry.
250 ## - MENCIÓN DE EDICIÓN
Mención de edición 1a. ed.
260 ## - PUBLICACIÓN, DISTRIBUCIÓN, ETC.
Lugar de publicación, distribución, etc. Bogotá :
Nombre del editor, distribuidor, etc. Random House,
Fecha de publicación, distribución, etc. 2017.
300 ## - DESCRIPCIÓN FÍSICA
Extensión 373 páginas.
520 ## - SUMARIO, ETC.
Sumario, etc. "Esta es una novela de payasos y de políticos; políticos que no saben que son payasos y payasos que quisieran hacer carrera política. Pero también es una novela de gurús íntegros y diplomáticas arpías, de periodistas de verdad e inventores de noticias, de profesores felizmente casados y adolescentes aficionados a los videojuegos, de autores pusilánimes y editores mercantilistas, de zombis y mercenarios y psicópatas... Lo que el lector tiene entre las manos no es una farsa porque se trate de una pieza cómica que echa mano de la exageración, la parodia y otros recursos por el estilo, sino porque sus personajes son una colección de farsantes. Nada más realista, de hecho, que poner a un payaso de candidato a la presidencia. La democracia del siglo XXI es aquí una encuesta eterna, la del Barómetro Permanente de Opinión, la herramienta online que veinticuatro horas al día, siete días a la semana, refleja fielmente el estado del Estado de opinión. Un pueblo conectado a Internet quizá no necesite elecciones, pero circo siempre le hará falta, sobre todo cuando es un pueblo sin pan. Con todo, el payaso Cucaracho es algo más que un artista del espectáculo; se trata de la mayor amenaza al statu quo que el país aquí retratado haya conocido en más de una década. Esta es una novela de payasos y, por lo tanto, lo único que podría criticársele son los calambres de la risa que procurará al lector. Claro que, como todo el mundo sabe, los payasos son seres tristes, y más triste aún es que esta farsa sobre un país corrupto e impotente cualquiera se parezca tanto a la vida en tantos países de verdad. Sin embargo, no hay que olvidar que, como dice uno de los distinguidos farsantes de este libro que reflexiona sobre sí mismo, el gran descubrimiento de la novela moderna es que la infelicidad vende."
650 14 - PUNTO DE ACCESO ADICIONAL DE MATERIA--TÉRMINO DE MATERIA
Término de materia o nombre geográfico como elemento de entrada Novela colombiana
650 24 - PUNTO DE ACCESO ADICIONAL DE MATERIA--TÉRMINO DE MATERIA
Término de materia o nombre geográfico como elemento de entrada Literatura colombiana
650 24 - PUNTO DE ACCESO ADICIONAL DE MATERIA--TÉRMINO DE MATERIA
Término de materia o nombre geográfico como elemento de entrada Misterio en la literatura
650 24 - PUNTO DE ACCESO ADICIONAL DE MATERIA--TÉRMINO DE MATERIA
Término de materia o nombre geográfico como elemento de entrada Política en la literatura
650 24 - PUNTO DE ACCESO ADICIONAL DE MATERIA--TÉRMINO DE MATERIA
Término de materia o nombre geográfico como elemento de entrada Novela humorística
650 24 - PUNTO DE ACCESO ADICIONAL DE MATERIA--TÉRMINO DE MATERIA
Término de materia o nombre geográfico como elemento de entrada Sátira politíca
Subdivisión geográfica Colombia
Existencias
Estado de retiro Estado de pérdida Fuente del sistema de clasificación o colocación Estado dañado No para préstamo Código de colección Localización permanente Ubicación/localización actual Fecha de adquisición Número de inventario Total de préstamos Renovaciones totales Signatura topográfica completa Código de barras Fecha visto por última vez Fecha del último préstamo Número de copia Precio válido a partir de Tipo de ítem Koha Nota pública
          Literatura Adulto Biblioteca Pública San Juan Bosco Biblioteca Pública San Juan Bosco 20/01/2020 NT 2 1 AN NORLUd MOS019838 31/07/2024 24/07/2024 ej.1 20/01/2020 Libro Literatura Quince días

© Todos los derechos reservados para la Biblioteca Pública Municipal San Juan Bosco, 2020
Secretaria de Cultura de Mosquera
Carrera 3 N° 10 Esquina Centro Cultural Barrio El Carmén Teléfono: 8270830 Ext: 34
Funcionando con KOHA
Contacto: Biblioteca Pública Municipal San Juan Bosco/ bibliotecasanjuanbosco@mosquera-cundinamarca.gov.co
Mosquera, Cundinamarca